[Event "World Junior U20 Girls 2018"]
[Site "Gebze"]
[Date "2018.09.05"]
[Round "1"]
[White "Haussernot, Cecile"]
[Black "Heydarova, Aytaj"]
[Result "1-0"]
[WhiteElo "2237"]
[BlackElo "1948"]
[Annotator "NA"]
[PlyCount "93"]
[EventDate "2018.09.05"]
[EventType "swiss"]
[EventCountry "TUR"]
[SourceTitle "playchess.com"]
[Source "ChessBase"]
[SourceQuality "1"]
[TimeControl "40/5400+30:1800+30"]

1. e4 c5 2. Nf3 d6 3. d4 cxd4 4. Nxd4 Nf6 5. Nc3 g6 6. Be3 Bg7 7. f3 Nc6 8. Qd2 O-O 9. Bc4 Nxd4 10. Bxd4 Be6 11. Bxe6 fxe6 12. O-O-O Qa5 13. Kb1 Rac8 14. Qe1 Nd7 15. Bxg7 Kxg7 16. Rd4 b5 17. Qe3 b4 18. Ne2 e5 19. Rd5 Qc7 20. Rc1 Nb6 21. Rd3 Nc4 22. Qf2 a5 23. f4 Qb7 24. Qh4 Qxe4 {[%emt 1:20:00]} 25. Re1 {[%emt 0:58:30]} Qb7 {[%emt 0:08:27]} 26. Rh3 {[%emt 0:01:30]} h5 {[%emt 0:01:06]} 27. Rg3 {[%emt 0:02:30]} Nd2+ {[%emt 0:00:36]} 28. Ka1 {[%emt 0:00:30]} Ne4 {[%emt 0:00:30]} 29. Re3 {[%emt 0:01:30]} Rc5 {[%emt 0:10:49]} 30. Nd4 {[%emt 0:00:30]} exd4 {[%emt 0:01:19]} 31. Rxe4 {[%emt 0:00:30]} e5 {[%emt 0:00:00]} 32. fxe5 {[%emt 0:04:30]} dxe5 {[%emt 0:00:25]} 33. g4 {[%emt 0:00:30]} hxg4 {[%emt 0:00:50]} 34. Rxg4 {[%emt 0:00:30]} Rf6 {[%emt 0:01:02]} 35. Qg5 {[%emt 0:01:30]} Qc6 {[%emt 0:00:52]} 36. Rh4 {[%emt 0:04:30]} Rxc2 {[%emt 0:00:40]} 37. Qh6+ {[%emt 0:01:30]} Kf7 {[%emt 0:00:02]} 38. Rxd4 {[%emt 0:03:30]} Qc8 {[%emt 0:01:27]} 39. Rd5 {[%emt 0:04:30]} Rf5 {[%emt 0:00:47]} 40. Rxa5 {[%emt 0:00:00]} Rc7 {[%emt 0:00:00]} 41. Rg1 {[%emt 0:03:00]} Qg8 {[%emt 0:08:38]} 42. Qd2 {[%emt 0:02:30]} Qf8 {[%emt 0:01:30]} 43. Ra6 {[%emt 0:01:30]} g5 {[%emt 0:00:30]} 44. Qd3 {[%emt 0:05:30]} Kg7 {[%emt 0:03:37]} 45. Qh3 {[%emt 0:00:30]} Kg8 {[%emt 0:03:32]} 46. Rg6+ {[%emt 0:00:30]} Rg7 {[%emt 0:00:53]} 47. Rh6 {[%emt 0:00:30]} 1-0

[Event "World Junior U20 Girls 2018"]
[Site "Gebze"]
[Date "2018.09.05"]
[Round "1"]
[White "Paramzina, Anastasya"]
[Black "Kocyigit, Buse Naz"]
[Result "1-0"]
[WhiteElo "2222"]
[BlackElo "1944"]
[Annotator "NA"]
[PlyCount "71"]
[EventDate "2018.09.05"]
[EventType "swiss"]
[EventCountry "TUR"]
[SourceTitle "playchess.com"]
[Source "ChessBase"]
[SourceQuality "1"]
[TimeControl "40/5400+30:1800+30"]

1. e4 e6 2. d4 d5 3. Nc3 Nf6 4. Bg5 Bb4 5. e5 h6 6. Be3 Ne4 7. Qg4 Kf8 8. a3 f5 9. exf6 Nxf6 10. Qf3 Be7 11. Nge2 Nc6 12. Nf4 Kf7 13. Bd3 e5 14. Bg6+ Kg8 15. Nfe2 Be6 {[%emt 0:52:30]} 16. O-O {[%emt 1:18:22]} Bd6 {[%emt 0:05:30]} 17. Bf5 {[%emt 0:01:19]} Bf7 {[%emt 0:05:30]} 18. Qh3 {[%emt 0:03:37]} exd4 {[%emt 0:19:19]} 19. Bxd4 {[%emt 0:00:43]} Nxd4 {[%emt 0:01:34]} 20. Nxd4 {[%emt 0:00:06]} g6 {[%emt 0:01:57]} 21. Be6 {[%emt 0:01:25]} Bxe6 {[%emt 0:01:10]} 22. Qxe6+ {[%emt 0:02:38]} Kg7 {[%emt 0:00:14]} 23. Qh3 {[%emt 0:01:05]} Kh7 {[%emt 0:02:46]} 24. Rad1 {[%emt 0:02:10]} c6 {[%emt 0:00:48]} 25. f4 {[%emt 0:00:50]} Bc5 {[%emt 0:01:50]} 26. f5 {[%emt 0:01:38]} g5 {[%emt 0:00:07]} 27. Nce2 {[%emt 0:01:04]} Re8 {[%emt 0:00:21]} 28. Kh1 {[%emt 0:00:20]} Ne4 {[%emt 0:02:35]} 29. f6 {[%emt 0:01:45]} Re5 {[%emt 0:02:28]} 30. Nf3 {[%emt 0:02:00]} Qxf6 {[%emt 0:00:41]} 31. Nxe5 {[%emt 0:00:30]} Qxe5 {[%emt 0:01:33]} 32. Rf7+ {[%emt 0:02:32]} Kg6 {[%emt 0:00:15]} 33. Rdf1 {[%emt 0:00:39]} h5 {[%emt 0:03:25]} 34. Ng3 {[%emt 0:00:51]} Nxg3+ {[%emt 0:01:18]} 35. Qxg3 {[%emt 0:00:13]} Qxg3 {[%emt 0:01:04]} 36. R1f6# {[%emt 0:00:15]} 1-0

[Event "World Junior U20 Girls 2018"]
[Site "Gebze"]
[Date "2018.09.05"]
[Round "1"]
[White "Altantuya, Boldbaatar"]
[Black "Hereklioglu, Sude"]
[Result "0-1"]
[WhiteElo "2210"]
[BlackElo "1930"]
[Annotator "NA"]
[PlyCount "76"]
[EventDate "2018.09.05"]
[EventType "swiss"]
[EventCountry "TUR"]
[SourceTitle "playchess.com"]
[Source "ChessBase"]
[SourceQuality "1"]
[TimeControl "40/5400+30:1800+30"]

1. d4 g6 2. c4 Bg7 3. Nc3 c5 4. d5 d6 5. e4 Na6 6. Bd3 Nf6 7. h3 O-O 8. Nf3 e5 9. Be3 Nc7 10. Qd2 b6 11. Bh6 Rb8 12. g4 a6 13. a4 Bd7 14. Bxg7 Kxg7 15. Qe2 Qe8 16. b3 b5 17. axb5 axb5 18. O-O Qc8 19. Nd2 b4 20. Na4 {[%emt 1:06:00]} h5 {[%emt 1:03:00]} 21. f3 {[%emt 0:03:30]} Nce8 {[%emt 0:11:30]} 22. Qg2 {[%emt 0:01:30]} Kh8 {[%emt 0:00:30]} 23. Qg3 {[%emt 0:00:30]} g5 {[%emt 0:02:30]} 24. h4 {[%emt 0:04:30]} Rg8 {[%emt 0:03:30]} 25. Kf2 {[%emt 0:07:14]} hxg4 {[%emt 0:06:59]} 26. Rh1 {[%emt 0:13:25]} Nh7 {[%emt 0:05:59]} 27. hxg5 {[%emt 0:02:18]} Rg7 {[%emt 0:01:05]} 28. Rh6 {[%emt 0:02:06]} Qd8 {[%emt 0:00:51]} 29. Rh5 {[%emt 0:01:43]} Rxg5 {[%emt 0:04:04]} 30. Rh6 {[%emt 0:01:36]} Rg6 {[%emt 0:01:30]} 31. Rah1 {[%emt 0:00:30]} Rxh6 {[%emt 0:00:40]} 32. Rxh6 {[%emt 0:00:43]} Qg5 {[%emt 0:00:00]} 33. Qh4 {[%emt 0:00:19]} Qxd2+ {[%emt 0:01:58]} 34. Kg1 {[%emt 0:00:26]} Qe3+ {[%emt 0:00:25]} 35. Kh2 {[%emt 0:00:35]} Qf4+ {[%emt 0:01:07]} 36. Kg1 {[%emt 0:00:18]} Nef6 {[%emt 0:00:00]} 37. fxg4 {[%emt 0:00:43]} Qxg4+ {[%emt 0:01:12]} 38. Qxg4 {[%emt 0:00:00]} Bxg4 {[%emt 0:00:00]} 0-1

[Event "World Junior U20 Girls 2018"]
[Site "Gebze"]
[Date "2018.09.05"]
[Round "1"]
[White "Ghukasyan, Siranush"]
[Black "Koo, Wei Xin Rosamund"]
[Result "1-0"]
[WhiteElo "2205"]
[BlackElo "1918"]
[Annotator "NA"]
[PlyCount "65"]
[EventDate "2018.09.05"]
[EventType "swiss"]
[EventCountry "TUR"]
[SourceTitle "playchess.com"]
[Source "ChessBase"]
[SourceQuality "1"]
[TimeControl "40/5400+30:1800+30"]

1. e4 c5 2. Nf3 g6 3. d4 cxd4 4. Nxd4 Nf6 5. Nc3 Nc6 6. Be3 Bg7 7. Nxc6 bxc6 8. e5 Ng8 9. Bd4 f6 10. exf6 Nxf6 11. Bc4 e6 12. Bc5 d5 13. Be2 Qa5 14. Qd4 Kf7 {[%emt 0:57:00]} 15. Qb4 {[%emt 1:18:53]} Qxb4 {[%emt 0:01:30]} 16. Bxb4 {[%emt 0:00:02]} e5 {[%emt 0:03:30]} 17. Na4 {[%emt 0:02:39]} Bf5 {[%emt 0:05:30]} 18. Bd3 {[%emt 0:01:31]} a5 {[%emt 0:06:30]} 19. Ba3 {[%emt 0:02:45]} Nd7 {[%emt 0:01:30]} 20. O-O-O {[%emt 0:03:24]} Rhd8 {[%emt 0:09:35]} 21. Rhe1 {[%emt 0:01:08]} Bxd3 {[%emt 0:08:26]} 22. cxd3 {[%emt 0:01:27]} Rac8 {[%emt 0:03:41]} 23. Kb1 {[%emt 0:00:58]} c5 {[%emt 0:00:54]} 24. Rc1 {[%emt 0:01:19]} Bf8 {[%emt 0:00:03]} 25. Nc3 {[%emt 0:00:30]} Ke6 {[%emt 0:01:48]} 26. f4 {[%emt 0:03:49]} Bd6 {[%emt 0:00:30]} 27. Na4 {[%emt 0:00:30]} c4 {[%emt 0:01:09]} 28. Bxd6 {[%emt 0:01:29]} Kxd6 {[%emt 0:00:04]} 29. dxc4 {[%emt 0:00:12]} exf4 {[%emt 0:01:29]} 30. Red1 {[%emt 0:00:28]} Nf6 {[%emt 0:00:35]} 31. Nb6 {[%emt 0:01:05]} Rc5 {[%emt 0:00:36]} 32. cxd5 {[%emt 0:00:26]} Nxd5 {[%emt 0:00:41]} 33. Nxd5 {[%emt 0:00:41]} 1-0

[Event "World Junior U20 Girls 2018"]
[Site "Gebze"]
[Date "2018.09.05"]
[Round "1"]
[White "Hilario, Aleyla"]
[Black "Doroy Allaney Jia G"]
[Result "1-0"]
[WhiteElo "2203"]
[BlackElo "1914"]
[Annotator "NA"]
[PlyCount "68"]
[EventDate "2018.09.05"]
[EventType "swiss"]
[EventCountry "TUR"]
[SourceTitle "playchess.com"]
[Source "ChessBase"]
[SourceQuality "1"]
[TimeControl "40/5400+30:1800+30"]

1. d4 Nf6 2. Nf3 g6 3. c4 Bg7 4. g3 O-O 5. Bg2 d6 6. O-O c5 7. Nc3 Nc6 8. h3 Bd7 9. Be3 cxd4 10. Nxd4 Rc8 11. b3 a6 12. Rc1 Nxd4 13. Bxd4 Bc6 14. e4 Bh6 15. Rc2 {[%emt 0:51:30]} Nh5 {[%emt 1:16:30]} 16. Nd5 {[%emt 0:04:30]} b5 {[%emt 0:10:32]} 17. c5 {[%emt 0:05:30]} Bxd5 {[%emt 0:03:12]} 18. exd5 {[%emt 0:00:30]} dxc5 {[%emt 0:00:15]} 19. Bxc5 {[%emt 0:00:00]} Qd7 {[%emt 0:00:59]} 20. b4 {[%emt 0:00:00]} Rfd8 {[%emt 0:03:02]} 21. Qe2 {[%emt 0:07:30]} Nf6 {[%emt 0:00:39]} 22. Qxe7 {[%emt 0:04:30]} Qf5 {[%emt 0:02:07]} 23. Bd4 {[%emt 0:11:26]} Ne8 {[%emt 0:02:55]} 24. Rxc8 {[%emt 0:05:03]} Qxc8 {[%emt 0:00:16]} 25. Bc5 {[%emt 0:01:06]} Rd7 {[%emt 0:00:36]} 26. Qh4 {[%emt 0:00:45]} Bg7 {[%emt 0:00:13]} 27. Re1 {[%emt 0:00:54]} h5 {[%emt 0:00:55]} 28. Qf4 {[%emt 0:00:36]} Qd8 {[%emt 0:01:11]} 29. d6 {[%emt 0:01:15]} Nxd6 {[%emt 0:00:30]} 30. Bc6 {[%emt 0:00:30]} g5 {[%emt 0:00:30]} 31. Qd2 {[%emt 0:00:30]} Rc7 {[%emt 0:00:30]} 32. Re8+ {[%emt 0:01:08]} Qxe8 {[%emt 0:00:26]} 33. Bxe8 {[%emt 0:00:30]} Nxe8 {[%emt 0:00:30]} 34. Qd8 {[%emt 0:00:00]} Bf8 {[%emt 0:00:17]} 1-0

[Event "World Junior U20 Girls 2018"]
[Site "Gebze"]
[Date "2018.09.05"]
[Round "1"]
[White "Kanakova, Natalie"]
[Black "Aksoy, Ayca"]
[Result "1-0"]
[WhiteElo "2201"]
[BlackElo "1898"]
[Annotator "NA"]
[PlyCount "57"]
[EventDate "2018.09.05"]
[EventType "swiss"]
[EventCountry "TUR"]
[SourceTitle "playchess.com"]
[Source "ChessBase"]
[SourceQuality "1"]
[TimeControl "40/5400+30:1800+30"]

1. c4 e5 2. Nc3 Nc6 3. g3 d6 4. Bg2 Be6 5. d3 Qd7 6. Rb1 g6 7. b4 Bg7 8. b5 Nd8 9. e3 Ne7 10. Nd5 O-O 11. a4 c6 12. Nxe7+ Qxe7 13. Ba3 Qd7 14. a5 f5 15. Qd2 {[%emt 1:02:30]} Rc8 {[%emt 1:03:30]} 16. bxc6 {[%emt 0:00:30]} bxc6 {[%emt 0:00:30]} 17. Ne2 {[%emt 0:00:30]} g5 {[%emt 0:01:30]} 18. f4 {[%emt 0:03:30]} gxf4 {[%emt 0:03:30]} 19. exf4 {[%emt 0:01:30]} Nf7 {[%emt 0:06:30]} 20. O-O {[%emt 0:01:30]} Rfd8 {[%emt 0:02:30]} 21. a6 {[%emt 0:02:30]} Rb8 {[%emt 0:02:30]} 22. Qa5 {[%emt 0:07:30]} e4 {[%emt 0:03:02]} 23. Qd2 {[%emt 0:00:30]} d5 {[%emt 0:05:38]} 24. dxe4 {[%emt 0:02:10]} fxe4 {[%emt 0:05:10]} 25. cxd5 {[%emt 0:01:36]} cxd5 {[%emt 0:00:04]} 26. Nd4 {[%emt 0:03:10]} Nd6 {[%emt 0:01:56]} 27. Rxb8 {[%emt 0:07:27]} Rxb8 {[%emt 0:00:12]} 28. f5 {[%emt 0:02:27]} Nxf5 {[%emt 0:01:46]} 29. Qf4 {[%emt 0:00:00]} 1-0

[Event "World Junior U20 Girls 2018"]
[Site "Gebze"]
[Date "2018.09.05"]
[Round "1"]
[White "Georgescu, Lena"]
[Black "Nass, Sara"]
[Result "1/2-1/2"]
[WhiteElo "2195"]
[BlackElo "1888"]
[Annotator "NA"]
[PlyCount "73"]
[EventDate "2018.09.05"]
[EventType "swiss"]
[EventCountry "TUR"]
[SourceTitle "playchess.com"]
[Source "ChessBase"]
[SourceQuality "1"]
[TimeControl "40/5400+30:1800+30"]

1. e4 c6 2. Nc3 d5 3. Nf3 dxe4 4. Nxe4 Nf6 5. Nxf6+ exf6 6. d4 Bd6 7. Be2 O-O 8. O-O Re8 9. c4 Nd7 10. Be3 f5 11. d5 cxd5 12. Qxd5 Nf6 13. Qd1 Qc7 14. Bd4 Rd8 {[%emt 1:11:00]} 15. h3 {[%emt 1:02:30]} Bc5 {[%emt 0:13:09]} 16. Be5 {[%emt 0:01:30]} Qb6 {[%emt 0:01:06]} 17. Qb3 {[%emt 0:04:30]} Qxb3 {[%emt 0:05:13]} 18. axb3 {[%emt 0:00:00]} Ne4 {[%emt 0:00:40]} 19. Bc3 {[%emt 0:02:00]} Be6 {[%emt 0:02:45]} 20. b4 {[%emt 0:01:30]} Ng3 {[%emt 0:02:08]} 21. Rfe1 {[%emt 0:13:35]} Nxe2+ {[%emt 0:00:43]} 22. Rxe2 {[%emt 0:00:30]} Bxc4 {[%emt 0:00:00]} 23. Re5 {[%emt 0:00:25]} Bd6 {[%emt 0:02:24]} 24. Rxf5 {[%emt 0:00:20]} g6 {[%emt 0:00:29]} 25. Rfa5 {[%emt 0:01:24]} a6 {[%emt 0:00:56]} 26. Nd2 {[%emt 0:01:47]} Bb5 {[%emt 0:00:23]} 27. Ne4 {[%emt 0:01:10]} Be7 {[%emt 0:00:53]} 28. Nf6+ {[%emt 0:03:36]} Bxf6 {[%emt 0:00:15]} 29. Bxf6 {[%emt 0:00:00]} Re8 {[%emt 0:00:22]} 30. R5a3 {[%emt 0:01:15]} Re4 {[%emt 0:00:53]} 31. Bc3 {[%emt 0:04:34]} Rd8 {[%emt 0:00:32]} 32. Rc1 {[%emt 0:00:38]} Bc6 {[%emt 0:01:17]} 33. Raa1 {[%emt 0:00:19]} Kf8 {[%emt 0:00:29]} 34. Rd1 {[%emt 0:00:37]} Rxd1+ {[%emt 0:00:18]} 35. Rxd1 {[%emt 0:00:30]} Ke7 {[%emt 0:00:10]} 36. Re1 {[%emt 0:00:56]} Rxe1+ {[%emt 0:00:30]} 37. Bxe1 {[%emt 0:00:00]} 1/2-1/2

[Event "World Junior U20 Girls 2018"]
[Site "Gebze"]
[Date "2018.09.05"]
[Round "1"]
[White "Varshini, V."]
[Black "Nassr, Lina"]
[Result "1-0"]
[WhiteElo "2173"]
[BlackElo "1854"]
[Annotator "NA"]
[PlyCount "81"]
[EventDate "2018.09.05"]
[EventType "swiss"]
[EventCountry "TUR"]
[SourceTitle "playchess.com"]
[Source "ChessBase"]
[SourceQuality "1"]
[TimeControl "40/5400+30:1800+30"]

1. e4 c5 2. Nc3 e6 3. Nge2 Nc6 4. d4 cxd4 5. Nxd4 Nf6 6. a3 Be7 7. Be2 a6 8. O-O O-O 9. Be3 Qc7 10. Nb3 b5 11. f4 d6 12. Bf3 Bb7 13. g4 Nd7 14. Bg2 Nb6 15. g5 Nc4 16. Bc1 Qb6+ 17. Kh1 {[%emt 1:05:30]} b4 {[%emt 1:01:30]} 18. axb4 {[%emt 0:00:30]} Nxb4 {[%emt 0:00:30]} 19. Nd4 {[%emt 0:03:30]} Nc6 {[%emt 0:13:30]} 20. Nxc6 {[%emt 0:08:30]} Bxc6 {[%emt 0:02:30]} 21. Qe2 {[%emt 0:03:40]} Na5 {[%emt 0:04:41]} 22. b3 {[%emt 0:06:33]} Nb7 {[%emt 0:02:15]} 23. Na4 {[%emt 0:06:55]} Qc7 24. Bb2 {[%emt 0:01:42]} f6 {[%emt 0:09:29]} 25. Qc4 {[%emt 0:02:54]} Nd8 {[%emt 0:01:41]} 26. f5 {[%emt 0:00:38]} Qb7 {[%emt 0:01:59]} 27. Nc3 {[%emt 0:01:24]} Kh8 {[%emt 0:02:37]} 28. fxe6 {[%emt 0:00:28]} f5 {[%emt 0:01:42]} 29. Rae1 {[%emt 0:01:09]} Bxg5 {[%emt 0:00:58]} 30. Re2 {[%emt 0:00:35]} Rc8 {[%emt 0:00:54]} 31. Qd3 {[%emt 0:00:54]} Nxe6 {[%emt 0:00:22]} 32. Qxd6 {[%emt 0:00:21]} Qd7 {[%emt 0:00:46]} 33. Qxd7 {[%emt 0:00:53]} Bxd7 {[%emt 0:00:30]} 34. exf5 {[%emt 0:00:00]} Nf4 {[%emt 0:00:00]} 35. Rd2 {[%emt 0:00:49]} Bxf5 {[%emt 0:00:46]} 36. Rdf2 {[%emt 0:00:08]} Nxg2 {[%emt 0:00:36]} 37. Rxf5 {[%emt 0:00:36]} Rxf5 {[%emt 0:01:02]} 38. Rxf5 {[%emt 0:00:01]} Bf6 {[%emt 0:00:12]} 39. Kxg2 {[%emt 0:00:05]} h6 {[%emt 0:00:49]} 40. Rf3 {[%emt 0:00:00]} Rc5 {[%emt 0:00:00]} 41. Kf1 {[%emt 0:01:45]} 1-0

[Event "World Junior U20 Girls 2018"]
[Site "Gebze"]
[Date "2018.09.05"]
[Round "1"]
[White "Song, Yuxin"]
[Black "Sade, Defne"]
[Result "1-0"]
[WhiteElo "2156"]
[BlackElo "1826"]
[Annotator "NA"]
[PlyCount "77"]
[EventDate "2018.09.05"]
[EventType "swiss"]
[EventCountry "TUR"]
[SourceTitle "playchess.com"]
[Source "ChessBase"]
[SourceQuality "1"]
[TimeControl "40/5400+30:1800+30"]

1. d4 d5 2. c4 c6 3. Nf3 Nf6 4. g3 g6 5. Bg2 Bg7 6. O-O O-O 7. cxd5 cxd5 8. Nc3 Nc6 9. Ne5 Bf5 10. Nxc6 bxc6 11. Na4 Ne4 12. Be3 Re8 13. Rc1 Rc8 14. b3 Qa5 15. f3 Nd6 16. Nc5 {[%emt 0:57:00]} e5 {[%emt 1:10:00]} 17. Bd2 {[%emt 0:00:30]} Qb6 {[%emt 0:02:30]} 18. e4 {[%emt 0:05:30]} Be6 {[%emt 0:04:30]} 19. dxe5 {[%emt 0:03:30]} Bxe5 {[%emt 0:00:30]} 20. Be3 {[%emt 0:00:30]} Nb5 {[%emt 0:07:03]} 21. Qd2 {[%emt 0:01:30]} d4 {[%emt 0:00:30]} 22. Bf2 {[%emt 0:02:30]} Rcd8 {[%emt 0:07:25]} 23. Qe2 {[%emt 0:03:30]} Qb8 {[%emt 0:06:29]} 24. f4 {[%emt 0:01:30]} Bg7 {[%emt 0:00:55]} 25. Na4 {[%emt 0:05:30]} Rc8 {[%emt 0:01:27]} 26. Qd3 {[%emt 0:01:30]} Red8 {[%emt 0:00:58]} 27. Be1 {[%emt 0:00:30]} Bf8 {[%emt 0:00:33]} 28. Ba5 {[%emt 0:00:30]} Rd7 {[%emt 0:00:18]} 29. Nc5 {[%emt 0:06:05]} Bxc5 {[%emt 0:00:41]} 30. Rxc5 {[%emt 0:00:01]} Nd6 {[%emt 0:00:26]} 31. Bd2 {[%emt 0:03:08]} Nb7 {[%emt 0:00:30]} 32. Rc2 {[%emt 0:00:30]} c5 {[%emt 0:00:30]} 33. f5 {[%emt 0:01:59]} gxf5 {[%emt 0:00:42]} 34. exf5 {[%emt 0:00:00]} Bd5 {[%emt 0:00:00]} 35. f6 {[%emt 0:01:31]} Qe5 {[%emt 0:00:25]} 36. Rf5 {[%emt 0:01:24]} Qe6 {[%emt 0:00:14]} 37. Bh3 {[%emt 0:00:00]} Kf8 {[%emt 0:01:33]} 38. Bh6+ {[%emt 0:00:00]} Ke8 {[%emt 0:00:08]} 39. Re2 {[%emt 0:00:00]} 1-0

[Event "World Junior U20 Girls 2018"]
[Site "Gebze"]
[Date "2018.09.05"]
[Round "1"]
[White "Ivana Maria, Furtado"]
[Black "Catal, Uktenur"]
[Result "1-0"]
[WhiteElo "2144"]
[BlackElo "1809"]
[Annotator "NA"]
[PlyCount "49"]
[EventDate "2018.09.05"]
[EventType "swiss"]
[EventCountry "TUR"]
[SourceTitle "playchess.com"]
[Source "ChessBase"]
[SourceQuality "1"]
[TimeControl "40/5400+30:1800+30"]

1. Nf3 Nf6 2. c4 e6 3. Nc3 d5 4. d4 c5 5. e3 Nc6 6. cxd5 exd5 7. Be2 Bd6 8. O-O O-O 9. Nb5 Be7 10. dxc5 Bxc5 11. b3 a6 12. Nbd4 Ne4 13. Bb2 Re8 14. Rc1 Qd6 15. Nxc6 bxc6 16. Qc2 Bb7 17. Nd4 Bxd4 18. Bxd4 Qe6 19. Bd3 g6 20. Bb2 Rf8 {[%emt 1:15:00]} 21. f3 {[%emt 0:55:30]} Nd6 {[%emt 0:01:30]} 22. Rce1 {[%emt 0:01:30]} f6 {[%emt 0:13:17]} 23. e4 {[%emt 0:02:30]} Qf7 {[%emt 0:02:33]} 24. Qc5 {[%emt 0:01:30]} Nb5 {[%emt 0:01:40]} 25. exd5 {[%emt 0:03:30]} 1-0

[Event "World Junior U20 Girls 2018"]
[Site "Gebze"]
[Date "2018.09.05"]
[Round "1"]
[White "Urh, Zala"]
[Black "Can, Isil"]
[Result "1/2-1/2"]
[WhiteElo "2128"]
[BlackElo "1798"]
[Annotator "NA"]
[PlyCount "117"]
[EventDate "2018.09.05"]
[EventType "swiss"]
[EventCountry "TUR"]
[SourceTitle "playchess.com"]
[Source "ChessBase"]
[SourceQuality "1"]
[TimeControl "40/5400+30:1800+30"]

1. d4 d5 2. c4 c6 3. Nf3 Nf6 4. e3 e6 5. Nbd2 Nbd7 6. Bd3 Bd6 7. O-O O-O 8. e4 dxe4 9. Nxe4 Nxe4 10. Bxe4 Nf6 11. Bc2 c5 12. Qd3 {D46: Semi-Slav: 5 e3 Nbd7 6 Bd3, Black avoids the Meran} h6 13. Rd1 Qc7 14. dxc5 Bxc5 15. b4 Be7 (15... Bxb4 16. Bb2 Qd7 17. Qb3 Qe7 18. Qd3 Qd7 19. Qb3 Qe7 20. Ne5 a5 21. Qd3 Re8 22. Ba4 Rf8 23. Bc2 Re8 24. Ba4 Rf8 25. Bc2 {½-½ (25) Peralta,F (2560)-Obregon,C (2537) Buenos Aires 2015}) 16. Bb2 Rd8 17. Qb3 b6 18. Be5 Qc6 $146 ({Predecessor:} 18... Bd6 19. Qd3 Bb7 20. Bxd6 {1-0 (20) Tolstikh,N (2420)-Plsek,M (2045) Zlin 1996}) 19. Nd4 Qe8 20. a4 Bb7 21. a5 bxa5 22. Rxa5 a6 23. Qb2 Bd6 {[%emt 1:08:30]} 24. Bxd6 {[%emt 0:59:00]} Rxd6 {[%emt 0:00:30]} 25. Ba4 {[%emt 0:00:30]} Bc6 {[%emt 0:02:30]} 26. Nxc6 {[%emt 0:10:30]} Qxc6 {[%emt 0:00:00]} 27. Rxd6 {[%emt 0:06:30]} Qxd6 {[%emt 0:00:00]} 28. c5 {[%emt 0:00:30]} Qc7 {[%emt 0:08:30]} 29. h3 {[%emt 0:04:30]} Nd5 {[%emt 0:02:30]} 30. Qd2 {[%emt 0:15:45]} Rb8 {[%emt 0:07:02]} 31. Rxa6 {[%emt 0:02:07]} Nxb4 {[%emt 0:00:36]} 32. Rd6 {[%emt 0:01:16]} Qxc5 {[%emt 0:01:55]} 33. Rd8+ {[%emt 0:00:36]} Rxd8 {[%emt 0:00:30]} 34. Qxd8+ {[%emt 0:00:00]} Kh7 {[%emt 0:01:17]} 35. Qd7 {[%emt 0:00:51]} Qc1+ {[%emt 0:00:38]} 36. Qd1 {[%emt 0:00:38]} Qxd1+ {[%emt 0:02:16]} 37. Bxd1 {[%emt 0:00:30]} g5 {[%emt 0:02:40]} 38. Kf1 {[%emt 0:01:20]} Kg6 {[%emt 0:00:25]} 39. Ke2 {[%emt 0:00:31]} Kf5 {[%emt 0:01:25]} 40. Kf3 {[%emt 0:01:17]} h5 {[%emt 0:00:00]} 41. Ba4 {[%emt 0:05:09]} h4 {[%emt 0:07:16]} 42. Bb3 {[%emt 0:04:30]} f6 {[%emt 0:02:30]} 43. Ba4 {[%emt 0:00:30]} Nd5 {[%emt 0:07:30]} 44. g3 {[%emt 0:02:30]} hxg3 {[%emt 0:06:34]} 45. fxg3 {[%emt 0:02:30]} Kg6 {[%emt 0:01:38]} 46. Bc2+ {[%emt 0:01:30]} f5 {[%emt 0:03:15]} 47. g4 {[%emt 0:01:13]} Kf6 {[%emt 0:00:33]} 48. gxf5 {[%emt 0:00:30]} exf5 {[%emt 0:00:00]} 49. Kg3 {[%emt 0:02:46]} Ne3 {[%emt 0:00:23]} 50. Bd3 {[%emt 0:00:40]} Ke5 {[%emt 0:01:28]} 51. Kf3 {[%emt 0:00:14]} Nd5 {[%emt 0:00:27]} 52. Be2 {[%emt 0:03:43]} Nf4 {[%emt 0:01:03]} 53. Bf1 {[%emt 0:00:01]} Ng6 {[%emt 0:00:11]} 54. Bd3 {[%emt 0:01:31]} Kf6 {[%emt 0:03:59]} 55. Be2 {[%emt 0:01:29]} Nf4 {[%emt 0:04:45]} 56. Bf1 {[%emt 0:00:39]} Ke5 {[%emt 0:00:02]} 57. Ke3 {[%emt 0:00:49]} Ng6 {[%emt 0:02:05]} 58. Kf2 {[%emt 0:05:55]} f4 {[%emt 0:02:56]} 59. Kf3 $11 {[%emt 0:05:00]} 1/2-1/2

[Event "World Junior U20 Girls 2018"]
[Site "Gebze"]
[Date "2018.09.05"]
[Round "1"]
[White "Santeramo, Alessia"]
[Black "Zairbek kyzy, Begimay"]
[Result "1-0"]
[WhiteElo "2124"]
[BlackElo "1770"]
[Annotator "NA"]
[PlyCount "52"]
[EventDate "2018.09.05"]
[EventType "swiss"]
[EventCountry "TUR"]
[SourceTitle "playchess.com"]
[Source "ChessBase"]
[SourceQuality "1"]
[TimeControl "40/5400+30:1800+30"]

1. e4 c6 2. d4 d5 3. Nc3 dxe4 4. Nxe4 Nf6 5. Nxf6+ gxf6 6. Nf3 Bg4 7. Be3 e6 8. g3 Nd7 9. Bg2 Bd6 10. O-O Nb6 11. b3 Nd5 12. Bd2 f5 13. Qe1 Qe7 14. c4 Nf6 15. Ne5 Nd7 {[%emt 0:57:30]} 16. Nxd7 {[%emt 1:23:32]} Qxd7 {[%emt 0:00:30]} 17. Bc3 {[%emt 0:00:30]} Rg8 {[%emt 0:00:30]} 18. d5 {[%emt 0:00:30]} f4 {[%emt 0:00:30]} 19. dxc6 {[%emt 0:00:30]} bxc6 {[%emt 0:00:30]} 20. Qe4 {[%emt 0:00:30]} f5 {[%emt 0:00:30]} 21. Qxc6 {[%emt 0:00:30]} Rc8 {[%emt 0:00:30]} 22. Qxd7+ {[%emt 0:00:30]} Kxd7 {[%emt 0:00:30]} 23. f3 {[%emt 0:00:30]} fxg3 {[%emt 0:00:30]} 24. fxg4 {[%emt 0:00:30]} gxh2+ {[%emt 0:00:30]} 25. Kh1 {[%emt 0:00:30]} Rxg4 {[%emt 0:00:30]} 26. Rad1 {[%emt 0:00:30]} Ke7 {[%emt 0:14:30]} 1-0